[Event "London Classic op U2050-A 11th"]
[White "Samarasinghe Jude, Ranga"]
[Black "Baleani, Guido"]
[Site "London"]
[Round "3"]
[Result "1-0"]
[Date "2019.11.30"]
[WhiteElo "1934"]
[BlackElo "1557"]
[PlyCount "107"]
[EventDate "2019.11.29"]
[EventType "swiss"]
[EventRounds "5"]
[EventCountry "ENG"]
[SourceTitle "CBM 195 Extra"]
[Source "ChessBase"]
[SourceDate "2020.05.31"]
[SourceVersion "1"]
[SourceVersionDate "2020.05.31"]
[SourceQuality "1"]

1. e4 e6 2. d4 d5 3. e5 c5 4. c3 Nc6 5. f4 Qb6 6. Nf3 Nh6 7. Bd3 cxd4 8. cxd4 Bd7 9. Bc2 Nb4 10. Nc3 Rc8 11. Bb1 Bb5 12. a3 Nc6 13. Nxb5 Qxb5 14. h3 Na5 15. Bc2 Qc6 16. Bd3 Nf5 17. g4 Ng3 18. Rh2 a6 19. Rc2 Qd7 20. Rxc8+ Qxc8 21. Qa4+ Nc6 22. Be3 Be7 23. Rc1 0-0 24. Bxa6 bxa6 25. Qxc6 Qxc6 26. Rxc6 Ra8 27. Rc1 Ne4 28. Ke2 a5 29. Nd2 Nxd2 30. Kxd2 a4 31. Kc2 h6 32. b4 axb3+ 33. Kxb3 Kf8 34. f5 exf5 35. gxf5 Ke8 36. Rc3 g5 37. Rc6 Bf8 38. Rb6 h5 39. a4 g4 40. hxg4 hxg4 41. Bf4 Kd8 42. Rb5 Kc7 43. Rxd5 Kc6 44. Rb5 Rd8 45. Kc4 Rc8 46. d5+ Kd7+ 47. Kd4 Ba3 48. Rb3 Bc1 49. e6+ fxe6 50. fxe6+ Ke8 51. d6 Kd8 52. Bxc1 Rxc1 53. Rb8+ Rc8 54. e7+ 1-0